Hubo una vez un partido-Estado : la transición de la sociedad mexicana en medio de la transformación mundial /

Sparad:
Bibliografiska uppgifter
Huvudupphov: Andrade Martínez, Juan de Dios (autor)
Materialtyp: Bok
Språk:spanska
Utgiven: México : Puebla, México : EDAMEX ; Universidad Popular Autónoma del Estado de Puebla, 1998, c1998
Ämnen:
Taggar: Lägg till en tagg
Inga taggar, Lägg till första taggen!

MARC

LEADER 00000nam^a2200000^a^4500
001 000194594
005 20250521000000.0
009 20260310102722.095
020 |a 970-661-020-0 
025 |a Donación sin dato, 1 ejemplar 
037 |a Acervo ITESO - Biblioteca 
041 |a ESP 
082 |a 320. 97206  |b AND 
100 |a Andrade Martínez, Juan de Dios  |e (autor) 
245 1 0 |a Hubo una vez un partido-Estado :  |b la transición de la sociedad mexicana en medio de la transformación mundial /  |c J.D. Andrade Martínez. 
264 4 |a México :  |b EDAMEX ;  |a Puebla, México :  |b Universidad Popular Autónoma del Estado de Puebla,  |c 1998, c1998 
300 |a 195 p. 
336 |a texto  |b txt  |2 rdacontenido 
337 |a sin mediación  |b n  |2 rdamedio 
338 |a volumen  |b nc  |2 rdasoporte 
649 |a XX 
650 |a Poder Político -  |z México 
650 |a Poder Político 
650 |a Actores Políticos -  |z México 
650 |a Actores Políticos 
650 |a Autoritarismo -  |z México 
650 |a Autoritarismo 
650 |a Transición Política -  |z México -  |x Tema Principal 
650 |a Transición Política -  |x Tema Principal 
650 |a Democracia -  |z México 
650 |a Democracia 
650 |a Sistema Político -  |z México 
650 |a Sistema Político 
650 |a Modernidad y Posmodernidad 
650 |a Geopolítica 
650 |a Política Internacional 
650 |a Política -  |z México -  |x Historia -  |y 1928-2000 
650 |a Política -  |z México -  |x Historia -  |y Siglo XX 
650 |a Política -  |x Historia -  |y Siglo XX 
650 |a México -  |x Condiciones Políticas 
910 |a Fondo General 
920 |a Impresos - Libros 
930 |a Colección General 
905 |a 101 
901 |a 0500139429  |b IT1  |c ACC  |i D  |u 20250521 
902 |a https://opac.biblio.iteso.mx/vufind/Record/000194594